Những điều cần biết và nên tránh trong cuộc sống hiện đại

Na minha lista:
Detalhes bibliográficos
Formato: Livro
Idioma:Undetermined
Publicado em: Hà Nội Văn hóa Thông tin 2004
Assuntos:
Tags: Adicionar Tag
Sem tags, seja o primeiro a adicionar uma tag!
Thư viện lưu trữ: Trung tâm Học liệu Trường Đại học Cần Thơ
LEADER 00558nam a2200181Ia 4500
001 CTU_98052
008 210402s9999 xx 000 0 und d
020 |c 35000 
082 |a 640 
082 |b Nh556 
245 0 |a Những điều cần biết và nên tránh trong cuộc sống hiện đại 
245 0 |c Chân Phương tuyển soạn 
260 |a Hà Nội 
260 |b Văn hóa Thông tin 
260 |c 2004 
650 |a Home economics 
904 |i Tuyến 
980 |a Trung tâm Học liệu Trường Đại học Cần Thơ